Statistics for States Carried By 1908 Candidates

Click here to take the quiz!

General Stats

  • This quiz has been taken 238 times
  • The average score is 24 of 46

Answer Stats

Popular Vote PercentageStatePresidential Candidate% Correct
93.84%South CarolinaWilliam Jennings Bryan
100%
70.88%AlabamaWilliam Jennings Bryan
50%
57.31%ArkansasWilliam Jennings Bryan
50%
55.46%CaliforniaWilliam Howard Taft
50%
48.00%ColoradoWilliam Jennings Bryan
50%
59.43%ConnecticutWilliam Howard Taft
50%
52.10%DelawareWilliam Howard Taft
50%
63.01%FloridaWilliam Jennings Bryan
50%
54.60%GeorgiaWilliam Jennings Bryan
50%
54.09%IdahoWilliam Howard Taft
50%
54.53%IllinoisWilliam Howard Taft
50%
48.40%IndianaWilliam Howard Taft
50%
55.62%IowaWilliam Howard Taft
50%
52.46%KansasWilliam Howard Taft
50%
49.74%KentuckyWilliam Jennings Bryan
50%
84.63%LouisianaWilliam Jennings Bryan
50%
63.00%MaineWilliam Howard Taft
50%
48.59%MarylandWilliam Jennings Bryan
50%
58.21%MassachusettsWilliam Howard Taft
50%
61.93%MichiganWilliam Howard Taft
50%
59.11%MinnesotaWilliam Howard Taft
50%
90.11%MississippiWilliam Jennings Bryan
50%
48.50%MissouriWilliam Howard Taft
50%
46.98%MontanaWilliam Howard Taft
50%
49.14%NebraskaWilliam Jennings Bryan
50%
45.71%NevadaWilliam Jennings Bryan
50%
59.32%New HampshireWilliam Howard Taft
50%
56.79%New JerseyWilliam Howard Taft
50%
53.11%New YorkWilliam Howard Taft
50%
54.22%North CarolinaWilliam Jennings Bryan
50%
61.02%North DakotaWilliam Howard Taft
50%
51.03%OhioWilliam Howard Taft
50%
47.99%OklahomaWilliam Jennings Bryan
50%
56.39%OregonWilliam Howard Taft
50%
58.84%PennsylvaniaWilliam Howard Taft
50%
60.76%Rhode IslandWilliam Howard Taft
50%
58.84%South DakotaWilliam Howard Taft
50%
52.73%TennesseeWilliam Jennings Bryan
50%
73.97%TexasWilliam Jennings Bryan
50%
56.19%UtahWilliam Howard Taft
50%
75.08%VermontWilliam Howard Taft
50%
60.52%VirginiaWilliam Jennings Bryan
50%
57.68%WashingtonWilliam Howard Taft
50%
53.42%West VirginiaWilliam Howard Taft
50%
54.52%WisconsinWilliam Howard Taft
50%
55.43%WyomingWilliam Howard Taft
50%

Score Distribution

Percentile by Number Answered

Percent of People with Each Score

Your Score History

You have not taken this quiz